Principles of Quantum Mechanics as applied to Chemistry and Chemical physics (Record no. 1433)

MARC details
000 -LEADER
fixed length control field 01377cam a2200325 a 4500
001 - CONTROL NUMBER
control field 3562109
003 - CONTROL NUMBER IDENTIFIER
control field OSt
005 - DATE AND TIME OF LATEST TRANSACTION
control field 20191007144513.0
008 - FIXED-LENGTH DATA ELEMENTS--GENERAL INFORMATION
fixed length control field 980727s1999 nyua b 001 0 eng
010 ## - LIBRARY OF CONGRESS CONTROL NUMBER
LC control number 98039486
020 ## - INTERNATIONAL STANDARD BOOK NUMBER
International Standard Book Number 0521651247 (hc.)
020 ## - INTERNATIONAL STANDARD BOOK NUMBER
International Standard Book Number 0521658411 (pbk.)
040 ## - CATALOGING SOURCE
Original cataloging agency DLC
Transcribing agency DLC
Modifying agency DLC
050 00 - LIBRARY OF CONGRESS CALL NUMBER
Classification number QD462
Item number .F55 1999
082 00 - DEWEY DECIMAL CLASSIFICATION NUMBER
Classification number 541.2
Edition number 21
Item number FIT 1999
100 1# - MAIN ENTRY--PERSONAL NAME
Personal name Fitts, Donald D.
Dates associated with a name 1932-
9 (RLIN) 3789
245 10 - TITLE STATEMENT
Title Principles of Quantum Mechanics as applied to Chemistry and Chemical physics
260 ## - PUBLICATION, DISTRIBUTION, ETC. (IMPRINT)
Place of publication, distribution, etc. New York :
Name of publisher, distributor, etc. Cambridge University Press,
Date of publication, distribution, etc. 1999.
300 ## - PHYSICAL DESCRIPTION
Extent ix, 351 p. :
Other physical details ill. ;
Dimensions 26 cm.
504 ## - BIBLIOGRAPHY, ETC. NOTE
Bibliography, etc Includes bibliographical references (p. 344-346) and index.
650 #0 - SUBJECT ADDED ENTRY--TOPICAL TERM
Topical term or geographic name as entry element Quantum chemistry.
9 (RLIN) 3790
650 #0 - SUBJECT ADDED ENTRY--TOPICAL TERM
Topical term or geographic name as entry element Chemical physics
9 (RLIN) 12977
856 41 - ELECTRONIC LOCATION AND ACCESS
Materials specified Sample text
Uniform Resource Identifier http://www.loc.gov/catdir/samples/cam032/98039486.html
856 42 - ELECTRONIC LOCATION AND ACCESS
Materials specified Publisher description
Uniform Resource Identifier http://www.loc.gov/catdir/description/cam029/98039486.html
856 41 - ELECTRONIC LOCATION AND ACCESS
Materials specified Table of contents
Uniform Resource Identifier http://www.loc.gov/catdir/toc/cam021/98039486.html
906 ## - LOCAL DATA ELEMENT F, LDF (RLIN)
a 7
b cbc
c orignew
d 1
e ocip
f 19
g y-gencatlg
942 ## - ADDED ENTRY ELEMENTS (KOHA)
Source of classification or shelving scheme Dewey Decimal Classification
Koha item type Short Loan
Holdings
Withdrawn status Lost status Source of classification or shelving scheme Damaged status Not for loan Home library Current library Date acquired Source of acquisition Inventory number Total Checkouts Full call number Barcode Date last seen Koha item type Price effective from
    Dewey Decimal Classification     MUST Main Library MUST Main Library 14/04/2015 Purchase 02/17699   541.2 FIT 1999 2015-0943 14/04/2015 Short Loan  
    Dewey Decimal Classification     MUST Main Library MUST Main Library 20/04/2016 Purchase 01/16047   541.2 FIT 1999 2016-1081 20/04/2016 Short Loan  
    Dewey Decimal Classification     MUST Main Library MUST Main Library 20/04/2016 Purchase 01/16046   541.2 FIT 1999 2016-1082 20/04/2016 Short Loan  
    Dewey Decimal Classification     MUST Main Library MUST Main Library 08/09/2021 Donation 04/22137   541.2 FIT 1999 2021-0946 08/09/2021 Open Shelf 08/09/2021